La isla iluminada / (Record no. 116318)

MARC details
000 -LEADER
campo de control de longitud fija 00493nam a2200169 4500
001 - NÚMERO DE CONTROL
campo de control 116318
003 - IDENTIFICADOR DE NÚMERO DE CONTROL
campo de control ES-MaACL
005 - FECHA Y HORA DE LA ÚLTIMA TRANSACCIÓN
campo de control 20230906190701.0
007 - CAMPO FIJO DE DESCRIPCIÓN FÍSICA--INFORMACIÓN GENERAL
campo de control de longitud fija t|
008 - DATOS DE LONGITUD FIJA--INFORMACIÓN GENERAL
campo de control de longitud fija 061121s1947 sp r ||||1| spa d
100 1# - ENTRADA PRINCIPAL--NOMBRE DE PERSONA
Nombre de persona Osorio Lizarazo, J. A.
9 (RLIN) 87774
245 13 - MENCIÓN DEL TÍTULO
Título La isla iluminada /
Mención de responsabilidad, etc. J. A. Osorio Lizarazo.
260 ## - PUBLICACIÓN, DISTRIBUCIÓN, ETC.
Lugar de publicación, distribución, etc. Santiago (República Dominicana) :
Nombre del editor, distribuidor, etc. El Diario,
Fecha de publicación, distribución, etc. 1947.
300 ## - DESCRIPCIÓN FÍSICA
Extensión 265 p. ;
Dimensiones 20 cm.
852 ## - LOCALIZACIÓN
Ubicación ES-MaACL
Número de control de estantería D-5465
Sublocalización o colección R.30092
852 ## - LOCALIZACIÓN
Ubicación ES-MaACL
Número de control de estantería B-7822
Sublocalización o colección R.28427
Holdings
Estatus retirado Estado de pérdida Estado de daño No para préstamo Biblioteca de origen Biblioteca actual Ubicación en estantería Fecha de adquisición Fuente de adquisición Total de préstamos Signatura topográfica completa Código de barras Visto por última vez Precio de reemplazo Tipo de ítem Koha
        Biblioteca del Ateneo de Madrid Biblioteca del Ateneo de Madrid Sala Pardo Bazán 17/01/2008     B-7822 1121295 23/02/2023 23/02/2023 Libro impreso
        Biblioteca del Ateneo de Madrid Biblioteca del Ateneo de Madrid Sala Valle Inclán 17/01/2008     D-5465 901121294 23/02/2023 23/02/2023 Libro impreso